films par métiers - Statistiques

Statistiques générales
  • Ce quiz a été pris 157 fois
  • Le résultat moyen est 7 sur 20
Statistiques - réponses
Hint Réponse % Correct
Astronaute (James Lovell) Apollo 13 (1995)
88%
Danseuse de ballet (Nina Sayers) Black Swan (2010)
83%
Prof de lettres (John Keating) Le Cercle des poètes disparus (1989)
78%
Professeur de danse (Johnny Castle) Dirty Dancing (1987)
73%
Gardien-Chef de prison (Paul Edgecomb) La Ligne Verte (1999)
73%
Agent de footballeurs (Jean-Pierre Costa) Didier (1997)
50%
Chirurgien (Josef Heiter) The Human Centipede (2009)
46%
Alpiniste secouriste (Gabe Walker) Cliffhanger (1993)
41%
Pharmacien (Didier) Le Pari (1997)
37%
Infirmière (Annie Wilkes) Misery (1990)
33%
Analyste financier (Peter Sullivan) Margin Call (2011)
21%
Journaliste TV (Jenny Lerner) Deep Impact (1998)
18%
Analyste informaticien (David Levinson) Independance Day (1996)
18%
Propriétaire d'une boutique de mannequin (Franck Zito) Maniac (2012)
17%
Mannequin (Jesse) The Neon Demon (2016)
15%
Ecrivain (Jackson Curtis) 2012 (2009)
13%
Cadre de banque (Sam Wheat) Ghost (1990)
10%
Chauffeur de taxi (Jerry Fletcher) Complots (1997)
9%
Veilleur de nuit (Ben Carson) Mirrors (2008)
9%
Animateur radio (Grant Mazzy) Pontypool (2008)
9%
Aucun quiz correspondant
Distribution des résultats
% des personnes avec chaque résultat
Percentile par nombre de réponses
Votre historique - résultats
Vous n’avez pas pris ce quiz